<?xml version="1.0" encoding="UTF-8"?>
<record
    xmlns:xsi="http://www.w3.org/2001/XMLSchema-instance"
    xsi:schemaLocation="http://www.loc.gov/MARC21/slim http://www.loc.gov/standards/marcxml/schema/MARC21slim.xsd"
    xmlns="http://www.loc.gov/MARC21/slim">

  <leader>01724nam a2200253 i 4500</leader>
  <controlfield tag="003">DO-SdBNP</controlfield>
  <controlfield tag="005">20240419131755.0</controlfield>
  <controlfield tag="006">a||||gr|||| 00| 0 </controlfield>
  <controlfield tag="007">ta</controlfield>
  <controlfield tag="008">240418e2024    |||ad||| ||||s00| 0 spa d</controlfield>
  <datafield tag="040" ind1=" " ind2=" ">
    <subfield code="a">DO-SdBNP</subfield>
    <subfield code="b">spa</subfield>
    <subfield code="c">BNPHU</subfield>
    <subfield code="e">rda</subfield>
  </datafield>
  <datafield tag="082" ind1=" " ind2="4">
    <subfield code="2">22</subfield>
    <subfield code="b">R426c</subfield>
  </datafield>
  <datafield tag="110" ind1="1" ind2=" ">
    <subfield code="a">Rep&#xFA;blica Dominicana.</subfield>
    <subfield code="b">&#xC9;tica e Integridad Gubernamental</subfield>
    <subfield code="9">84998</subfield>
    <subfield code="e">autor</subfield>
  </datafield>
  <datafield tag="245" ind1="1" ind2="0">
    <subfield code="a">V plan de acci&#xF3;n de la Rep&#xFA;blica Dominicana ante la alianza para el gobierno abierto 2022 - 2024.</subfield>
  </datafield>
  <datafield tag="246" ind1=" " ind2=" ">
    <subfield code="a">Quinto plan de acci&#xF3;n de la Rep&#xFA;blica Dominicana ante la alianza para el gobierno abierto 2022 - 2024.</subfield>
  </datafield>
  <datafield tag="264" ind1=" " ind2="1">
    <subfield code="a">Santo Domingo :</subfield>
    <subfield code="b">[no identificado]</subfield>
    <subfield code="c">[2024]</subfield>
  </datafield>
  <datafield tag="300" ind1=" " ind2=" ">
    <subfield code="a">125 p&#xE1;ginas :</subfield>
    <subfield code="b">Ilustraciones ;</subfield>
    <subfield code="c">28 cm.</subfield>
  </datafield>
  <datafield tag="336" ind1=" " ind2=" ">
    <subfield code="2">rdacontent</subfield>
    <subfield code="a">texto</subfield>
    <subfield code="b">txt</subfield>
  </datafield>
  <datafield tag="337" ind1=" " ind2=" ">
    <subfield code="2">rdamedia</subfield>
    <subfield code="a">sinmediaci&#xF3;n</subfield>
    <subfield code="b">n</subfield>
  </datafield>
  <datafield tag="338" ind1=" " ind2=" ">
    <subfield code="2">rdacarrier</subfield>
    <subfield code="a">volumen</subfield>
    <subfield code="b">nc</subfield>
  </datafield>
  <datafield tag="505" ind1=" " ind2=" ">
    <subfield code="a">Introducci&#xF3;n.</subfield>
    <subfield code="t">Acciones de Gobeirno Abierto.--</subfield>
    <subfield code="t">Proceso de Consulta.--</subfield>
    <subfield code="t">Compromisos V Plan de Acci&#xF3;n de gobierno Abierto.--</subfield>
    <subfield code="t">Plan Nacional de Acci&#xF3;n para la Apertura de #DatosAbiertosRD.--</subfield>
    <subfield code="t">Programa Burocracia Cero: Hacia un Gobierno Eficiente.--</subfield>
    <subfield code="t">Gobierno Abierto en las Gobernaciones.--</subfield>
    <subfield code="t">Portal EfiComprasRD.--</subfield>
    <subfield code="t">Calculadora de Huella de Carono para el Sistema Nacional de Contrataciones P&#xFA;blicas.--</subfield>
    <subfield code="t">Sistema de Monitoreo y Evaluzici&#xF3;n de la Calidad de los Servidores P&#xFA;blicos.--</subfield>
    <subfield code="t">Contact Center: Cuida tu salud mental.--</subfield>
    <subfield code="t">Apertura de las demandas territorales.--</subfield>
    <subfield code="t">#Pasant&#xED;asP&#xFA;blicasRD.--</subfield>
    <subfield code="t">Plataforma para el Registro y Monitoreo de los Residuos Especiales en la Rep&#xFA;blica Domincana #RDCeroResiduo.--</subfield>
    <subfield code="t">Caminando hacia un Estado Abierto.--</subfield>
    <subfield code="t">Relevancia: Aporte de los compromisos.--</subfield>
    <subfield code="t">Agradecimientos.</subfield>
  </datafield>
  <datafield tag="590" ind1=" " ind2=" ">
    <subfield code="a">Inventariado 2024 / MF</subfield>
  </datafield>
  <datafield tag="942" ind1=" " ind2=" ">
    <subfield code="2">ddc</subfield>
    <subfield code="c">LBS1</subfield>
  </datafield>
  <datafield tag="952" ind1=" " ind2=" ">
    <subfield code="0">0</subfield>
    <subfield code="1">0</subfield>
    <subfield code="2">ddc</subfield>
    <subfield code="5">1</subfield>
    <subfield code="7">0</subfield>
    <subfield code="8">PD</subfield>
    <subfield code="a">BNPHU</subfield>
    <subfield code="b">BNPHU</subfield>
    <subfield code="c">CT</subfield>
    <subfield code="d">2024-12-04</subfield>
    <subfield code="e">Dep&#xF3;sito Legal /DIGEIG</subfield>
    <subfield code="l">0</subfield>
    <subfield code="o">R426c</subfield>
    <subfield code="p">2024-2380</subfield>
    <subfield code="r">2024-04-18</subfield>
    <subfield code="w">2024-04-18</subfield>
    <subfield code="y">LBS1</subfield>
  </datafield>
  <datafield tag="952" ind1=" " ind2=" ">
    <subfield code="0">0</subfield>
    <subfield code="1">0</subfield>
    <subfield code="2">ddc</subfield>
    <subfield code="5">1</subfield>
    <subfield code="7">0</subfield>
    <subfield code="8">PD</subfield>
    <subfield code="a">BNPHU</subfield>
    <subfield code="b">BNPHU</subfield>
    <subfield code="c">CT</subfield>
    <subfield code="d">2024-12-04</subfield>
    <subfield code="e">Dep&#xF3;sito Legal /DIGEIG</subfield>
    <subfield code="l">0</subfield>
    <subfield code="o">R426c</subfield>
    <subfield code="p">2024-2381</subfield>
    <subfield code="r">2024-04-18</subfield>
    <subfield code="t">e.2</subfield>
    <subfield code="w">2024-04-18</subfield>
    <subfield code="y">LBS1</subfield>
  </datafield>
  <datafield tag="999" ind1=" " ind2=" ">
    <subfield code="c">56460</subfield>
    <subfield code="d">56460</subfield>
  </datafield>
</record>
